[Event "1800 - 2200 Standard Tournament"]
[Site "SchemingMind.com"]
[Date "2006.12.04"]
[Round "-"]
[White "Marvol"]
[Black "kotofey"]
[Result "0-1"]
[WhiteCountry "GBR"]
[BlackCountry "LAT"]
[WhiteElo "1839"]
[WhiteRD "101"]
[BlackElo "2257"]
[BlackRD "94"]
[GameID "80057"]

1. e4 e5 2. Nf3 Nc6 3. Bb5 a6 4. Bxc6 dxc6 5. O-O Bg4 6. h3 h5 7. d3 Qf6 8. Nbd2 Ne7 9. Nc4 Bxf3 10. Qxf3 Qxf3
11. gxf3 Ng6 12. Be3 O-O-O 13. Kh2 Be7 14. Rg1 Rhg8 15. Rxg6 fxg6 16. Nxe5 Bd6 17. f4 g5 18. Nf7 gxf4 19. Nxd6+ cxd6 20. Bxf4 g5
21. Be3 Rdf8 22. Kg3 g4 23. h4 Rf3+ 24. Kg2 Kd7 25. a4 Rgf8 26. Re1 a5 27. Re2 b5 28. axb5 cxb5 29. e5 dxe5 30. Bb6 a4
31. Rxe5 R8f5 32. Re4 R3f4 33. Rxf4 Rxf4 34. Be3 Rf3 35. Kf1 Rxe3 36. fxe3 b4
0-1